| 000 | 00550nam a2200181Ia 4500 | ||
|---|---|---|---|
| 008 | 191130s2002##################000#0#eng## | ||
| 020 | _a9781403900548 | ||
| 040 |
_aACL _cACL |
||
| 082 | _a378.17028 BEC | ||
| 100 | _aBecker, Lucinda | ||
| 245 |
_aHow to manage your arts, humanities and social science degree _cLucinda Becker |
||
| 260 |
_aBasingstoke, Hampshire _bPalgrave Macmillan _c2002 |
||
| 300 | _avii, 174 p. ; 23 cm | ||
| 650 | _aCollege students | ||
| 990 | _a37bb6cc0ac10000c77879bde6a56ee2e | ||
| 991 | _a406185 | ||
| 999 |
_c208087 _d208087 |
||